Music Quiz

Random Music or Lyrics Quiz
Score 0/60 Timer 10:00
7 Plays Today
% Correct
Liverpool
94%
John Lennon
91.7%
Ringo Starr
91.4%
Paul McCartney
91%
George Harrison
89.9%
news
86.6%
The Beatles (White Album)
85%
song
83.8%
better
83.7%
lonely
83.2%
heart
83%
Hey Jude
82.2%
bad
80.8%
come
80.7%
from
80.3%
Eleanor Rigby
77.1%
sad
76.7%
Sgt. Pepper's...
76.5%
Abbey Road
75.4%
Help!
74.3%
door
73%
Revolver
72.2%
Ed Sullivan
71.9%
feels
69.5%
Pete Best
68.1%
Hamburg
67.4%
Let It Be
66.7%
Yellow Submarine
66.4%
winter
65.1%
years
65.1%
% Correct
Here Comes the Sun
64.6%
jar
64.6%
Rubber Soul
64.2%
A Day in the Life
64.1%
laugh
63.7%
grade
63.3%
cold
61.6%
With The Beatles
60.6%
A Hard Day's Night
58%
lucky
57.2%
think
56.8%
gone
56.5%
face
56.2%
window
55.7%
wall
55.2%
Magical Mystery Tour
55%
hand
54.8%
small
53.1%
Fab Four
52.5%
Please Please Me
52.3%
head
49.9%
meaning
45.2%
compares
44.9%
In My Life
44.5%
lose
44.1%
Turn
43.9%
friends
43.8%
lovers
43.7%
You've Got To Hide Your Love Away
42.4%
Beatles for Sale
40.2%
Remove Ads.
Support Sporcle.
Get the best of Sporcle when you Go Orange. This ad-free experience offers more features, more stats, and more fun while also helping to support Sporcle. Thank you for becoming a member.

You're not logged in!

Compare scores with friends on all Sporcle quizzes.
OR
Log In

Show Comments

Extras

Top Quizzes Today


Score Distribution

Your Account Isn't Verified!

In order to create a playlist on Sporcle, you need to verify the email address you used during registration. Go to your Sporcle Settings to finish the process.

Report this User

Report this user for behavior that violates our Community Guidelines.

Details: